00373nam a2200121Ia 4500008004100000082001100041245004800052250000600100260004100106300000800147630004800155730004800203090124s9999 xx 000 0 und d b401856 a गप्प बसा मुछासन a1 bभागवत भा.रा.c1984 a100 a गप्प बसा मुछासन a गप्प बसा मुछासन